| 000 | 00640nam a2200217Ia 4500 | ||
|---|---|---|---|
| 003 | GCL | ||
| 008 | 140319s9999 xx 000 0 ara d | ||
| 040 |
_aGCL / _cGCL |
||
| 082 | 0 | 4 |
_a502 _bع ز |
| 100 | 1 | _aسعد شعبان | |
| 245 | 1 | 0 |
_aقصة الاوزون / _cسعد شعبان |
| 700 | 1 | _aزين العابدين متولى | |
| 260 |
_a[S.N] : _bالهيئة المصرية العامة للكتاب ، _c1992 |
||
| 300 | _a91 ص | ||
| 490 |
_aالعلم والحياة _v0 |
||
| 650 | 0 | 4 | _aالفيزياء |
| 650 | 0 | 4 | _aالاشعاع الكونى |
| 650 | 0 | 4 | _aالكون |
| 650 | 0 | 4 | _aالاوزان |
| 942 |
_2ddc _cBK |
||
| 999 |
_c31103 _d31103 |
||